00862nam a2200253 a 45000010005000000030008000050050017000130080041000300350018000710400037000890410008001260820026001341000028001602450061001882600045002493000043002945000076003375040032004135040020004456500030004656500024004956510047005196510042005663985BD-RjUL20211208233820.0131221s1983 ii b 001 0 eng d a(BD-RjUL)4019 aDLCcDLCdm/cdUKMdBD-RjULbeng aeng00a954.035219bDHP 19831 aDhanagre, D. N.,d1936-10aPeasant movements in India, 1920-1950 /cD.N. Dhanagare. aDelhi :bOxford University Press,c1983. axiii, 254 p. :btables, maps ;c22 cm. aRevision of the author's thesis (D. Phil.--University of Sussex, 1973). aBibliography: p. [230]-250. aIncludes index. 0aPeasant uprisingszIndia. 0aLand reformzIndia. 0aIndiaxPolitics and governmenty1919-1947. 0aIndiaxPolitics and governmenty1947-